[Event "Championnats de la Loire jeunes - pupil"]
[Site "St-Etienne"]
[Date "????.??.??"]
[Round "4.2"]
[White "Gidrol, Thibault"]
[Black "Carrot, Axel"]
[Result "1-0"]
[WhiteElo "1280"]
[BlackElo "1340"]
[PlyCount "119"]

1. e4 e5 2. d3 Nc6 3. Nd2 Bc5 4. Ngf3 d6 5. g3 Nf6 6. Bg2 O-O 7. O-O Bg4 8. c4
Nd4 9. h3 Nxf3+ 10. Nxf3 Be6 11. Qe1 Qd7 12. Be3 Bxe3 13. Qxe3 Bxh3 14. d4 Bxg2
15. Kxg2 exd4 16. Qxd4 Qe6 17. c5 Qxe4 18. Qxe4 Nxe4 19. cxd6 Nxd6 20. a3 Rfe8
21. b4 Re7 22. a4 Rae8 23. b5 Re4 24. a5 Nxb5 25. a6 b6 26. Rab1 Nd6 27. Ng5
Ra4 28. Ra1 Rxa1 29. Rxa1 Re5 30. Nf3 Ra5 31. Rc1 c5 32. Rd1 Ne8 33. Rd8 Kf8
34. Ne5 Ke7 35. Nc6+ Ke6 36. Nxa5 Ke7 37. Ra8 bxa5 38. Rxa7+ Kd6 39. Rb7 Nc7
40. a7 c4 41. Rxc7 Kxc7 42. a8=Q c3 43. Qe4 Kb6 44. Qc2 Kb5 45. Qxc3 a4 46. Qd4
a3 47. f4 a2 48. Qa1 Kc5 49. Qxa2 Kd6 50. Qxf7 Kc6 51. Kf3 Kd6 52. Ke4 Kc6 53.
Ke5 g5 54. Qd5+ Kc7 55. Qe6 gxf4 56. gxf4 h6 57. Kd5 h5 58. Qc6+ Kd8 59. Kd6 h4
60. Qd7# 1-0

[Event "Championnats de la Loire jeunes - pupil"]
[Site "St-Etienne"]
[Date "????.??.??"]
[Round "4.3"]
[White "Charron, Arthur"]
[Black "Rivet, Quentin"]
[Result "0-1"]
[WhiteElo "1099"]
[BlackElo "1099"]
[PlyCount "54"]

1. e4 e5 2. Nf3 Nc6 3. Bc4 Nf6 4. Nc3 Bb4 5. O-O O-O 6. a3 Bxc3 7. bxc3 d6 8.
d4 Qe7 9. dxe5 dxe5 10. a4 Nxe4 11. Qd2 Nxd2 12. Bxd2 Qc5 13. Bb3 e4 14. Ne1
Bf5 15. Be3 Qxc3 16. Rb1 Nd4 17. Bxd4 Qxd4 18. Ba2 e3 19. fxe3 Qxe3+ 20. Kh1
Be4 21. Rg1 Rad8 22. Rf1 Qe2 23. Bxf7+ Rxf7 24. Rxf7 Kxf7 25. h3 Rd2 26. Rb2
Bxg2+ 27. Nxg2 Qxg2# 0-1

[Event "Championnats de la Loire jeunes - pupil"]
[Site "St-Etienne"]
[Date "????.??.??"]
[Round "5.1"]
[White "Rivet, Quentin"]
[Black "Desassis, Gregoire"]
[Result "0-1"]
[WhiteElo "1099"]
[BlackElo "1260"]
[PlyCount "78"]

1. e4 e6 2. Nf3 d5 3. exd5 exd5 4. Nc3 Bd6 5. Be2 Ne7 6. O-O O-O 7. d3 Bg4 8.
Be3 c6 9. d4 Bc7 10. Qd3 Bxf3 11. Bxf3 Qd6 12. g3 Nd7 13. Bf4 Qb4 14. Bxc7 c5
15. Qe3 cxd4 16. Qf4 a5 17. Bd6 Qc4 18. Nd1 Ng6 19. Qf5 Rfd8 20. Bxd5 Qe2 21.
Bxf7+ Kh8 22. Be6 Nde5 23. f3 Rf8 24. Bf7 Rxf7 25. Qh5 Rxf3 26. Nf2 Re3 27.
Qxe2 Rxe2 28. Rae1 Nf3+ 29. Kh1 Nxe1 30. Bc5 Nxc2 31. Nh3 h6 32. Ng1 Re5 33.
Ba3 Nxa3 34. bxa3 Rd8 35. Nf3 Re3 36. Nd2 d3 37. h4 Re2 38. h5 Ne5 39. Rd1 Ng4
0-1

[Event "Championnats de la Loire jeunes - pupil"]
[Site "St-Etienne"]
[Date "????.??.??"]
[Round "5.2"]
[White "Charron, Arthur"]
[Black "Gidrol, Thibault"]
[Result "0-1"]
[WhiteElo "1099"]
[BlackElo "1280"]
[PlyCount "60"]

1. e4 g6 2. d4 Bg7 3. Nf3 d6 4. Bc4 Nd7 5. O-O Ngf6 6. Nc3 O-O 7. Nd5 e6 8.
Nxf6+ Nxf6 9. e5 dxe5 10. dxe5 Qxd1 11. exf6 Qd8 12. fxg7 Kxg7 13. Bd2 e5 14.
Bc3 Kg8 15. Bxe5 Bg4 16. h3 Bxf3 17. gxf3 Qg5+ 18. Kh1 Qxe5 19. Rfe1 Qxb2 20.
Rab1 Qc3 21. Re4 Qxc2 22. Rb3 Qxf2 23. Rc3 Rfe8 24. Rce3 Rxe4 25. Rxe4 Rd8 26.
Re2 Qxf3+ 27. Kg1 Rd1+ 28. Re1 Rxe1+ 29. Bf1 Rxf1+ 30. Kh2 Rh1# 0-1

[Event "Championnats de la Loire jeunes - pupil"]
[Site "St-Etienne"]
[Date "????.??.??"]
[Round "5.3"]
[White "Carrot, Axel"]
[Black "Chambosse, Ludine"]
[Result "1-0"]
[WhiteElo "1340"]
[BlackElo "1220"]
[PlyCount "41"]

1. d4 d5 2. Nf3 Nf6 3. Bf4 e6 4. e3 Bb4+ 5. c3 Ba5 6. b4 Bb6 7. a4 c6 8. Bd3
O-O 9. O-O Nbd7 10. Qe2 Bc7 11. Bxc7 Qxc7 12. Qc2 Ne4 13. Bxe4 dxe4 14. Qxe4 b6
15. Ng5 Re8 16. Qxh7+ Kf8 17. Qh8+ Ke7 18. Qxg7 c5 19. Qxf7+ Kd6 20. Qxe8 Bb7
21. Qxe6# 1-0

[Event "Championnats de la Loire jeunes - benja"]
[Site "St-Etienne"]
[Date "????.??.??"]
[Round "1.1"]
[White "Bruyas, Benjamin"]
[Black "Treveys, Maxime"]
[Result "0-1"]
[WhiteElo "1250"]
[BlackElo "1800"]
[PlyCount "40"]

1. Nf3 Nf6 2. b3 Nc6 3. Bb2 d6 4. d4 Bf5 5. g3 e5 6. Bg2 Nb4 7. c4 Nc2+ 8. Kd2
Nxa1 9. Bxa1 d5 10. Nc3 Bb4 11. Nh4 Ne4+ 12. Bxe4 Bxe4 13. f3 Bg6 14. Bb2 dxc4
15. bxc4 Qxd4+ 16. Kc1 Qe3+ 17. Qd2 Qxd2+ 18. Kxd2 Rd8+ 19. Ke1 O-O 20. a3
20... Ba5 {Suite illisible} 0-1

[Event "Championnats de la Loire jeunes - benja"]
[Site "St-Etienne"]
[Date "????.??.??"]
[Round "1.2"]
[White "Roncin, Cesar"]
[Black "Vinot, Sebastien"]
[Result "1-0"]
[WhiteElo "1790"]
[BlackElo "1220"]
[PlyCount "83"]

1. a3 e5 2. e3 d5 3. d4 exd4 4. exd4 Nc6 5. Nf3 Nf6 6. Bg5 Bg4 7. Be2 g6 8. h3
Bd7 9. Nc3 Be6 10. O-O Bg7 11. Ne5 Nxe5 12. dxe5 d4 13. exf6 Bxf6 14. Bxf6 Qxf6
15. Ne4 Qe5 16. Bf3 Bd5 17. Re1 O-O 18. Nd2 Qf6 19. Bxd5 Rad8 20. Bc4 c6 21.
Ne4 Qf4 22. Qg4 Qxg4 23. hxg4 b5 24. Bb3 Rfe8 25. Nf6+ Kg7 26. Rxe8 Rxe8 27.
Nxe8+ Kf8 28. Nf6 c5 29. Bd5 c4 30. Rd1 d3 31. cxd3 cxd3 32. Rxd3 a6 33. Bb7 a5
34. Bc6 b4 35. axb4 axb4 36. Rb3 Ke7 37. Nxh7 Kd6 38. Rxb4 Kxc6 39. Rc4+ Kb5
40. b3 Ka5 41. Kf1 Kb5 42. Ke2 1-0

[Event "Championnats de la Loire jeunes - benja"]
[Site "St-Etienne"]
[Date "????.??.??"]
[Round "1.3"]
[White "Bobilier-Chaumont, Andrea"]
[Black "Adamus, Jeremy"]
[Result "0-1"]
[WhiteElo "1210"]
[BlackElo "1780"]
[PlyCount "116"]

1. e4 e5 2. Nf3 Nc6 3. Bc4 Bc5 4. Nxe5 Nxe5 5. d4 Nxc4 6. dxc5 Ne5 7. Nc3 Nf6
8. O-O Qe7 9. Bf4 Qxc5 10. Qd2 Ng6 11. Be3 Qh5 12. f3 d6 13. Rad1 Be6 14. Qd4
O-O 15. a4 a6 16. Rd3 Ne5 17. Rd2 Nc4 18. Rd3 Nxb2 19. Rd2 Nc4 20. Rd3 Nxe3 21.
Rxe3 Qe5 22. Qxe5 dxe5 23. Rd1 Rfd8 24. Red3 Rxd3 25. Rxd3 Bc4 26. Rd1 Kf8 27.
Rb1 b6 28. a5 b5 29. Rb4 c5 30. Rb1 Rd8 31. Rd1 Rxd1+ 32. Nxd1 b4 33. Ne3 Bb5
34. Nf5 Ba4 35. Ne3 Ke7 36. Kf2 Ke6 37. Ke2 Bb5+ 38. Ke1 c4 39. Kd2 Bc6 40.
Nxc4 Nd7 41. Nb6 Nxb6 42. axb6 a5 43. Kc1 a4 44. Kb2 a3+ 45. Ka2 Kd6 46. h3 Kc5
47. b7 Bxb7 48. g4 Ba6 49. h4 Bc4+ 50. Ka1 Be2 51. f4 exf4 52. e5 f3 53. Ka2
Bc4+ 54. Kb1 f2 55. Kc1 a2 56. Kd2 a1=Q 57. g5 f1=Q 58. h5 Qd4# 0-1

[Event "Championnats de la Loire jeunes - benja"]
[Site "St-Etienne"]
[Date "????.??.??"]
[Round "1.4"]
[White "Pupier, Terry"]
[Black "Paratcha, Yohan"]
[Result "1-0"]
[WhiteElo "1740"]
[BlackElo "1199"]
[PlyCount "63"]

1. e4 e5 2. Nf3 Nc6 3. Bb5 Nf6 4. O-O Nxe4 5. Re1 d5 6. d3 Bg4 7. dxe4 dxe4 8.
Bxc6+ bxc6 9. Qxd8+ Rxd8 10. Nxe5 Bd6 11. Nxg4 O-O 12. Nc3 Rfe8 13. Ne3 h6 14.
Nc4 Bb4 15. Bd2 e3 16. Bxe3 a5 17. a3 Bxc3 18. bxc3 Re4 19. Nxa5 c5 20. Bxc5
Rxe1+ 21. Rxe1 f6 22. Nc6 Rd2 23. Nd4 Kh7 24. Kf1 Rd3 25. cxd3 g5 26. Re7+ Kg6
27. g4 h5 28. h3 hxg4 29. hxg4 c6 30. Bb4 Kh6 31. Nf5+ Kg6 32. Rg7# 1-0

[Event "Championnats de la Loire jeunes - benja"]
[Site "St-Etienne"]
[Date "????.??.??"]
[Round "1.5"]
[White "Tafazzoli, Mickael"]
[Black "Farge, Damien"]
[Result "0-1"]
[WhiteElo "1199"]
[BlackElo "1610"]
[PlyCount "90"]

1. e4 c5 2. Nc3 Nc6 3. Nf3 d6 4. a3 Nf6 5. Ne5 Nxe5 6. Na4 Nxe4 7. Bd3 Bf5 8.
Bxe4 Bxe4 9. d3 Bxg2 10. Rg1 Nf3+ 11. Ke2 Nxg1+ 12. Ke1 Nf3+ 13. Ke2 Nd4+ 14.
Ke3 g6 15. c3 Bh6+ 16. f4 Ne6 17. Qg4 Bc6 18. b3 Bxa4 19. bxa4 f5 20. Qh4 Bg7
21. Bb2 Qa5 22. Kd2 Qxa4 23. Re1 Qxf4+ 24. Qxf4 Nxf4 25. Rf1 Bh6 26. Kc2 O-O-O
27. Bc1 e5 28. d4 b6 29. Re1 Ng2 30. Rg1 Bxc1 31. Rxc1 exd4 32. cxd4 Rde8 33.
Rg1 Re2+ 34. Kd3 Nf4+ 35. Kc4 d5+ 36. Kb5 c4 37. h3 c3 38. Rc1 c2 39. a4 Nd3
40. Rxc2+ Rxc2 41. h4 Kb7 42. a5 Rb2+ 43. Ka4 b5+ 44. Ka3 Rc8 45. a6+ Kxa6 0-1

[Event "Championnats de la Loire jeunes - benja"]
[Site "St-Etienne"]
[Date "????.??.??"]
[Round "1.6"]
[White "Doucet, Medhi"]
[Black "Thery, Philippe-Alexandre"]
[Result "0-1"]
[WhiteElo "1510"]
[BlackElo "1199"]
[PlyCount "116"]

1. c4 e5 2. Nc3 Nf6 3. e4 Bc5 4. d3 Bd4 5. Bg5 O-O 6. Nf3 d6 7. Bxf6 Qxf6 8.
Nxd4 exd4 9. Nd5 Qd8 10. g3 c6 11. Nf4 Nd7 12. Bh3 Ne5 13. Bxc8 Qxc8 14. Kd2
Qg4 15. Qxg4 Nxg4 16. Ke1 Ne5 17. Ne2 Nxd3+ 18. Kf1 Nxb2 19. Nxd4 Nxc4 20. Ke2
Rfe8 21. f3 d5 22. Kd3 Ne5+ 23. Ke2 Rad8 24. Ke3 Nc4+ 25. Kd3 Nb6 26. Rac1
dxe4+ 27. fxe4 Re5 28. Rhg1 c5 29. Rgd1 Rxd4+ 30. Ke3 Rxd1 31. Rxd1 h6 32. Kf4
f6 33. Rd8+ Kf7 34. Rd3 g5+ 35. Kf3 c4 36. Rc3 Kg6 37. g4 h5 38. h3 hxg4+ 39.
hxg4 Ra5 40. a3 Rc5 41. Ke3 Na4 42. Rc2 c3 43. Kd4 Kf7 44. Kd3 Ke6 45. Kd4 a5
46. Kd3 Ke5 47. Rf2 b5 48. Kc2 b4 49. axb4 axb4 50. Kb3 c2 51. Rxc2 Rxc2 52.
Kxc2 Nc3 53. Kb3 Nxe4 54. Kxb4 Kf4 55. Kc4 Kxg4 56. Kd3 Kf3 57. Kc2 g4 58. Kd1
Kf2 0-1

[Event "Championnats de la Loire jeunes - benja"]
[Site "St-Etienne"]
[Date "????.??.??"]
[Round "1.7"]
[White "Borron, Herve"]
[Black "Barnes, Pierrick"]
[Result "0-1"]
[WhiteElo "1180"]
[BlackElo "1500"]
[PlyCount "78"]

1. e4 e5 2. Nf3 d6 3. Bc4 Be7 4. Nc3 Nf6 5. d3 O-O 6. O-O Bg4 7. h3 Bh5 8. Be3
c6 9. a3 Qc7 10. Re1 h6 11. Qe2 Rd8 12. Rad1 Nbd7 13. d4 exd4 14. Bxd4 a6 15.
Qe3 c5 16. Bxf6 Nxf6 17. Nd5 Nxd5 18. exd5 Bf6 19. c3 Re8 20. Qd3 b5 21. Bb3 c4
22. Qf5 Bg6 23. Qg4 cxb3 24. Rd2 Rxe1+ 25. Nxe1 Re8 26. Re2 Rxe2 27. Qxe2 Qd7
28. Nf3 Kf8 29. Qe3 Qf5 30. Kh2 Qxd5 31. g3 Qd3 32. Qxd3 Bxd3 33. h4 a5 34. g4
b4 35. cxb4 axb4 36. axb4 Bxb2 37. Nd2 Be5+ 38. Kh3 b2 39. f3 Bc3 0-1

[Event "Championnats de la Loire jeunes - benja"]
[Site "St-Etienne"]
[Date "????.??.??"]
[Round "2.1"]
[White "Treveys, Maxime"]
[Black "Pupier, Terry"]
[Result "0-1"]
[WhiteElo "1800"]
[BlackElo "1740"]
[PlyCount "52"]

1. d4 Nf6 2. c4 e6 3. Nc3 Bb4 4. Nf3 d5 5. e3 O-O 6. Qc2 Nbd7 7. cxd5 exd5 8.
Bd3 Re8 9. O-O c6 10. a3 Bxc3 11. Qxc3 Ne4 12. Qc2 c5 13. dxc5 Ndxc5 14. Bb5
Bd7 15. Bxd7 Qxd7 16. b4 Na4 17. Rd1 Rac8 18. Qd3 Nac3 19. Bb2 Nxd1 20. Rxd1
Qa4 21. Qxd5 Qc2 22. Qd4 Qxf2+ 23. Kh1 f6 24. Qd5+ Kh8 25. Bd4 Rc2 26. Ne1 Qf1#
0-1

[Event "Championnats de la Loire jeunes - benja"]
[Site "St-Etienne"]
[Date "????.??.??"]
[Round "2.2"]
[White "Farge, Damien"]
[Black "Roncin, Cesar"]
[Result "1-0"]
[WhiteElo "1610"]
[BlackElo "1790"]
[PlyCount "89"]

1. e4 e6 2. d4 d5 3. exd5 exd5 4. Bf4 Nf6 5. Nf3 Bg4 6. Be2 Be7 7. Nbd2 c6 8.
c3 Nbd7 9. Ne5 Bxe2 10. Qxe2 O-O 11. O-O Re8 12. Ndf3 Ne4 13. Qe3 f6 14. Nxd7
Qxd7 15. Qd3 Bd6 16. Bxd6 Qxd6 17. Rfe1 Qd7 18. Nd2 Nxd2 19. Qxd2 Rxe1+ 20.
Rxe1 Re8 21. Re3 Kf7 22. h3 Rxe3 23. Qxe3 Qe6 24. Kf1 Qxe3 25. fxe3 Ke6 26. Kf2
Kf5 27. Kf3 g5 28. g4+ Ke6 29. e4 dxe4+ 30. Kxe4 b5 31. b3 a5 32. c4 bxc4 33.
bxc4 a4 34. d5+ cxd5+ 35. cxd5+ Kd6 36. Kd4 a3 37. Kc4 h6 38. Kd4 Kd7 39. Kc5
Kc7 40. d6+ Kd8 41. Kc6 Kc8 42. d7+ Kd8 43. Kd6 f5 44. gxf5 g4 45. f6 1-0

[Event "Championnats de la Loire jeunes - benja"]
[Site "St-Etienne"]
[Date "????.??.??"]
[Round "2.3"]
[White "Adamus, Jeremy"]
[Black "Barnes, Pierrick"]
[Result "1-0"]
[WhiteElo "1780"]
[BlackElo "1500"]
[PlyCount "133"]

1. d4 Nf6 2. c4 e6 3. Nf3 d5 4. Nc3 b6 5. Bg5 Be7 6. e3 O-O 7. Be2 Bb4 8. a3
Bxc3+ 9. bxc3 h6 10. Bh4 Re8 11. cxd5 exd5 12. Qb3 Bb7 13. O-O Nbd7 14. a4 Qe7
15. Bb5 c6 16. Bd3 Qd6 17. Bg3 Qe6 18. a5 b5 19. Rfe1 Ne4 20. Bxe4 dxe4 21. Nd2
a6 22. Qb4 Nf6 23. Reb1 Nd5 24. Qc5 Rac8 25. Ra3 Qd7 26. c4 Nf6 27. Qb6 Nh5 28.
Be5 f6 29. Nxe4 fxe5 30. Nc5 Qe7 31. Qxb7 Qxb7 32. Nxb7 Rb8 33. Nd6 Re6 34.
dxe5 Rxe5 35. cxb5 cxb5 36. Nc4 Rc5 37. Nb6 Rb7 38. Rd1 Rbc7 39. g3 Nf6 40. Rb3
Kf7 41. Rbd3 b4 42. Nd5 Nxd5 43. Rxd5 Rxd5 44. Rxd5 Rb7 45. Rd1 b3 46. Kf1 Rb5
47. Rb1 Ke6 48. Ke2 Kd5 49. Kd3 b2 50. e4+ Kc5 51. f4 Rxa5 52. Rxb2 Ra3+ 53.
Kd2 a5 54. e5 Kd4 55. e6 Rd3+ 56. Ke1 Rc3 57. e7 Rc8 58. Rd2+ Ke3 59. Re2+ Kf3
60. e8=Q Rxe8 61. Rxe8 Kg2 62. Re2+ Kf3 63. Ra2 Kg4 64. Kf2 Kh3 65. Kf3 a4 66.
Rxa4 Kxh2 67. f5 1-0

[Event "Championnats de la Loire jeunes - benja"]
[Site "St-Etienne"]
[Date "????.??.??"]
[Round "2.4"]
[White "Thery, Philippe-Alexandre"]
[Black "Bruyas, Benjamin"]
[Result "0-1"]
[WhiteElo "1199"]
[BlackElo "1250"]
[PlyCount "98"]

1. e4 e6 2. d4 d5 3. e5 c5 4. Nf3 cxd4 5. Nxd4 Qc7 6. Bf4 Ne7 7. Nd2 Ng6 8.
Bb5+ Bd7 9. Bxd7+ Nxd7 10. Bg3 Ndxe5 11. O-O Bd6 12. Bxe5 Bxe5 13. N2f3 Bf6 14.
c3 O-O 15. Re1 Qd7 16. b4 Rac8 17. Rc1 Rfe8 18. Qd2 e5 19. Nb3 e4 20. Nc5 Qc6
21. Nd4 Bxd4 22. Qxd4 Nf4 23. Qe3 Ng6 24. Qg5 b6 25. Nb3 Re5 26. Qg3 Qf6 27.
Nd4 Nf4 28. Re3 Nd3 29. Rc2 Rg5 30. Qh3 Rd8 31. g3 Rg6 32. Qf1 Rc8 33. Nb5 Nxb4
34. Nxa7 Nxc2 35. Qa6 Ra8 36. Qb7 Qd8 37. Nc6 Rxc6 38. Qxc6 Nxe3 39. fxe3 Rc8
40. Qb5 Rxc3 41. h4 Rxe3 42. g4 h6 43. Kf2 Rf3+ 44. Ke2 Rf4 45. Ke3 Rxg4 46.
Kd4 Rxh4 47. Qc6 Rh2 48. Qxd5 Qxd5+ 49. Kxd5 e3 0-1

[Event "Championnats de la Loire jeunes - benja"]
[Site "St-Etienne"]
[Date "????.??.??"]
[Round "2.5"]
[White "Paratcha, Yohan"]
[Black "Doucet, Medhi"]
[Result "0-1"]
[WhiteElo "1199"]
[BlackElo "1510"]
[PlyCount "48"]

1. e4 e5 2. Nf3 Nc6 3. d4 exd4 4. Nxd4 Bc5 5. Nxc6 bxc6 6. Bc4 Nf6 7. Qf3 d6 8.
e5 dxe5 9. Qxc6+ Nd7 10. Qxa8 O-O 11. O-O Nb6 12. Qe4 Qd6 13. Nc3 Nxc4 14. Qxc4
Ba6 15. Qg4 Bxf1 16. Kxf1 Qf6 17. Be3 Bxe3 18. Ne4 Qf4 19. f3 f5 20. Qh3 fxe4
21. Qe6+ Kh8 22. Rd1 exf3 23. Qe7 fxg2+ 24. Ke1 Qf2# 0-1

[Event "Championnats de la Loire jeunes - benja"]
[Site "St-Etienne"]
[Date "????.??.??"]
[Round "2.6"]
[White "Vinot, Sebastien"]
[Black "Tafazzoli, Mickael"]
[Result "1-0"]
[WhiteElo "1220"]
[BlackElo "1199"]
[PlyCount "63"]

1. e4 e5 2. Nf3 Nc6 3. Bc4 Nf6 4. Nc3 Qe7 5. d3 Qc5 6. Qe2 d6 7. Be3 Qb4 8. Rb1
Nd4 9. Nxd4 exd4 10. Bxd4 c5 11. Be3 Bg4 12. Qd2 Qa5 13. O-O Qc7 14. Nb5 Qd8
15. h3 Be6 16. Bxe6 fxe6 17. c3 c4 18. dxc4 Nxe4 19. Qd3 Nc5 20. Bxc5 dxc5 21.
Rbd1 Qg5 22. Nc7+ Kf7 23. Nxa8 Be7 24. Qf3+ Kg6 25. Nc7 h5 26. Nxe6 Qh6 27.
Qe4+ Kf7 28. Qf5+ Bf6 29. Rd7+ Kg8 30. Rfd1 Qh7 31. Rd8+ Bxd8 32. Rxd8# 1-0

[Event "Championnats de la Loire jeunes - benja"]
[Site "St-Etienne"]
[Date "????.??.??"]
[Round "2.7"]
[White "Borron, Herve"]
[Black "Bobilier-Chaumont, Andrea"]
[Result "1-0"]
[WhiteElo "1180"]
[BlackElo "1210"]
[PlyCount "69"]

1. e4 e5 2. Nf3 Nc6 3. Bc4 Bc5 4. d3 Nf6 5. O-O O-O 6. Bg5 h6 7. Bh4 d6 8. Nc3
Bg4 9. Na4 Bxf3 10. Qxf3 Nd4 11. Qd1 Bb4 12. c3 b5 13. Bxb5 a6 14. Bc4 Bxc3 15.
bxc3 Nb5 16. Bxb5 axb5 17. Nb2 Qb8 18. Qd2 Ng4 19. h3 Nf6 20. Rfb1 Nd7 21. Nc4
Nc5 22. Ne3 Ra5 23. c4 Na4 24. Qxa5 Nc5 25. Rxb5 Qe8 26. Rd1 c6 27. Rb6 Qd8 28.
Bxd8 Rxd8 29. Rxc6 Nb7 30. Qb6 Rb8 31. Rc7 Ra8 32. Qxb7 Rxa2 33. Rxf7 Rb2 34.
Rxg7+ Kf8 35. Qf7# 1-0

[Event "Championnats de la Loire jeunes - benja"]
[Site "St-Etienne"]
[Date "????.??.??"]
[Round "3.1"]
[White "Pupier, Terry"]
[Black "Adamus, Jeremy"]
[Result "0-1"]
[WhiteElo "1740"]
[BlackElo "1780"]
[PlyCount "150"]

1. e4 e5 2. Nf3 Nc6 3. Bb5 Nge7 4. c4 g6 5. O-O Bg7 6. Re1 O-O 7. d3 d6 8. h3
Bd7 9. Bd2 a6 10. Ba4 Nc8 11. Nc3 Nb6 12. Bc2 h6 13. Na4 Nc8 14. b3 N6e7 15.
Nb2 Nc6 16. Bc3 Nd4 17. Nxd4 exd4 18. Bd2 Ne7 19. f4 f5 20. Qe2 Re8 21. Nd1 Nc6
22. Rb1 Qh4 23. Kh2 Re7 24. Nf2 Rae8 25. g3 Qf6 26. Qf3 Nd8 27. Re2 Bc6 28.
Rbe1 Nf7 29. b4 b5 30. Bb3 Kh7 31. g4 fxe4 32. Nxe4 Bxe4 33. dxe4 Ne5 34. Qg2
Nxc4 35. f5 Nxd2 36. Rxd2 g5 37. Be6 c5 38. bxc5 dxc5 39. a4 c4 40. e5 Qf8 41.
Qe4 Kh8 42. Qxd4 h5 43. axb5 axb5 44. Rb1 b4 45. Rxb4 Rxe6 46. fxe6 Qxb4 47.
Qd7 Bxe5+ 48. Kg2 Qe7 49. Qxe7 Rxe7 50. Rd8+ Kg7 51. Rc8 c3 52. Kf3 hxg4+ 53.
hxg4 Rxe6 54. Ke4 Bf6+ 55. Kd3 Kf7 56. Rc7+ Re7 57. Rc4 Rd7+ 58. Kc2 Rd2+ 59.
Kc1 Rg2 60. Re4 Rf2 61. Re3 Rf4 62. Rg3 Ke6 63. Kc2 Kd5 64. Rd3+ Rd4 65. Rxc3
Rc4 66. Rxc4 Kxc4 67. Kd2 Kd4 68. Ke2 Ke4 69. Kf2 Kf4 70. Kg2 Kxg4 71. Kf2 Kh3
72. Kg1 g4 73. Kh1 g3 74. Kg1 g2 75. Kf2 Kh2 0-1

[Event "Championnats de la Loire jeunes - benja"]
[Site "St-Etienne"]
[Date "????.??.??"]
[Round "3.2"]
[White "Doucet, Medhi"]
[Black "Farge, Damien"]
[Result "1/2-1/2"]
[WhiteElo "1510"]
[BlackElo "1610"]
[PlyCount "110"]

1. c4 c5 2. Nc3 Nc6 3. e4 Nf6 4. d3 e6 5. Bg5 Be7 6. Nf3 a6 7. g3 h6 8. Bxf6
Bxf6 9. Rb1 Qa5 10. Qb3 Nd4 11. Nxd4 Bxd4 12. Bg2 b5 13. cxb5 axb5 14. O-O Ba6
15. Ne2 c4 16. dxc4 bxc4 17. Qd1 Bc5 18. a3 Rb8 19. Qc2 O-O 20. Rfc1 Qb6 21.
Nc3 Qa5 22. Nd1 Rfd8 23. b4 cxb3 24. Qc3 Qxc3 25. Rxc3 Bxa3 26. Rcxb3 Rxb3 27.
Rxb3 Bd6 28. Rb6 Be2 29. Rxd6 Rc8 30. Bf1 Bxf1 31. Kxf1 Rc7 32. Ne3 Kf8 33. e5
Ke7 34. Kg2 f6 35. f4 fxe5 36. fxe5 Rc5 37. Ng4 h5 38. Nf2 Rxe5 39. Rd4 d5 40.
Ra4 Kd6 41. Ra6+ Kc5 42. Nd3+ Kb5 43. Nxe5 Kxa6 44. Kf3 Kb5 45. Ke3 Kc5 46. Kd3
Kd6 47. Kd4 Ke7 48. Ke3 Kf6 49. Nd7+ Kf5 50. h3 g5 51. Nc5 e5 52. Nb3 d4+ 53.
Nxd4+ exd4+ 54. Kxd4 g4 55. h4 Ke6 1/2-1/2

[Event "Championnats de la Loire jeunes - benja"]
[Site "St-Etienne"]
[Date "????.??.??"]
[Round "3.3"]
[White "Barnes, Pierrick"]
[Black "Treveys, Maxime"]
[Result "1-0"]
[WhiteElo "1500"]
[BlackElo "1800"]
[PlyCount "133"]

1. e4 c5 2. Nf3 d6 3. d4 cxd4 4. Nxd4 Nf6 5. Nc3 a6 6. Bg5 e6 7. Bc4 Be7 8. Bb3
Nc6 9. O-O O-O 10. Re1 Qc7 11. Nxc6 bxc6 12. Bf4 Rd8 13. Qe2 e5 14. Bg3 Be6 15.
Bxe6 fxe6 16. Rad1 Qb6 17. b3 Rf8 18. h3 Rf7 19. Rf1 Raf8 20. Kh1 Nd7 21. f3
Nf6 22. Na4 Qb7 23. Bf2 Nh5 24. Qe1 Nf4 25. Bg3 Qc7 26. Qe3 Bg5 27. Bxf4 Bxf4
28. Qb6 Qxb6 29. Nxb6 Rd8 30. Rd3 Rb7 31. Nc4 d5 32. exd5 exd5 33. Rfd1 Re8 34.
Nd6 e4 35. Nxb7 exd3 36. cxd3 Re2 37. a4 Rb2 38. Nc5 Bd6 39. Rc1 a5 40. d4 Bxc5
41. Rxc5 Rxb3 42. Rxc6 Rb4 43. Rc5 Rxa4 44. Rxd5 Kf8 45. Kg1 Ke7 46. Kf2 Ke6
47. Rd8 Ra2+ 48. Kg3 a4 49. f4 a3 50. Kf3 Rb2 51. Ra8 Rb3+ 52. Ke4 g6 53. Ra6+
Kf7 54. d5 Rg3 55. Ke5 Re3+ 56. Kd4 Rg3 57. d6 Rxg2 58. Rxa3 Rd2+ 59. Ke5 Re2+
60. Kd5 Rd2+ 61. Kc6 Ke8 62. Ra8+ Kf7 63. Ra7+ Ke6 64. Re7+ Kf6 65. Re5 Rd4 66.
d7 Rxf4 67. d8=Q+ 1-0

[Event "Championnats de la Loire jeunes - benja"]
[Site "St-Etienne"]
[Date "????.??.??"]
[Round "3.4"]
[White "Roncin, Cesar"]
[Black "Thery, Philippe-Alexandre"]
[Result "1-0"]
[WhiteElo "1790"]
[BlackElo "1199"]
[PlyCount "141"]

1. e4 e5 2. f4 Bc5 3. Nf3 exf4 4. d4 Bb6 5. Bc4 c6 6. Bxf4 d5 7. exd5 cxd5 8.
Bd3 Nf6 9. Nbd2 Bg4 10. c3 O-O 11. O-O Nc6 12. Qc2 Nb8 13. Ne5 Be6 14. Bg5 Nbd7
15. Bxh7+ Kh8 16. Bf5 Qe8 17. Qd1 Bxf5 18. Rxf5 Qe6 19. Qf3 Nxe5 20. Qh3+ Nh7
21. Re1 f6 22. Bf4 g5 23. Bxe5 Kg8 24. Rxg5+ Nxg5 25. Qh6 Rae8 26. Qg6+ Kh8 27.
Bxf6+ Qxf6 28. Qxf6+ Rxf6 29. Rxe8+ Kg7 30. Re5 Ne4 31. Nxe4 dxe4 32. Rxe4 Kg6
33. h3 Kf5 34. Re5+ Kf4 35. Kf2 Rg6 36. Re3 Rd6 37. g3+ Kg5 38. Re4 Rf6+ 39.
Ke2 Kf5 40. Re3 Rh6 41. g4+ Kf4 42. Rf3+ Ke4 43. g5 Rg6 44. h4 Bd8 45. c4 Bxg5
46. Rg3 Kxd4 47. Rg4+ Ke5 48. Rxg5+ Rxg5 49. hxg5 Kf5 50. Kd3 Kxg5 51. Kd4 Kf6
52. Kd5 Kf5 53. b4 Kf6 54. Kd6 Kf5 55. Kc7 Ke5 56. Kxb7 Kd4 57. c5 Kd5 58. Kxa7
Kc6 59. a4 Kc7 60. b5 Kc8 61. b6 Kd7 62. b7 Kc6 63. b8=Q Kd5 64. c6 Kxc6 65.
Qb5+ Kc7 66. a5 Kd6 67. Kb7 Ke7 68. a6 Kd8 69. a7 Ke7 70. a8=R Kd6 71. Ra6+ 1-0

[Event "Championnats de la Loire jeunes - benja"]
[Site "St-Etienne"]
[Date "????.??.??"]
[Round "3.5"]
[White "Bruyas, Benjamin"]
[Black "Vinot, Sebastien"]
[Result "1-0"]
[WhiteElo "1250"]
[BlackElo "1220"]
[PlyCount "73"]

1. Nf3 d5 2. c4 Nf6 3. cxd5 Nxd5 4. Nc3 Nf6 5. e4 Nc6 6. d4 Bg4 7. Be2 e6 8.
Bg5 Be7 9. O-O O-O 10. Re1 h6 11. Bh4 Nd7 12. Bxe7 Qxe7 13. d5 exd5 14. exd5
Nb4 15. a3 Na6 16. Bxa6 bxa6 17. Rxe7 Nf6 18. h3 Bf5 19. Rxc7 Rad8 20. Rxa7 Rd6
21. Qb3 Bc8 22. Rc1 Bd7 23. Qb4 Ne8 24. Ra8 Rf6 25. Ne5 Bf5 26. g4 Bg6 27. Nd7
Bd3 28. Nxf6+ gxf6 29. d6 Nxd6 30. Rxf8+ Kxf8 31. Qxd6+ Kg7 32. Qxd3 a5 33. Nd5
a4 34. Qf5 Kg8 35. Rc8+ Kg7 36. Qxf6+ Kh7 37. Rh8# 1-0

[Event "Championnats de la Loire jeunes - benja"]
[Site "St-Etienne"]
[Date "????.??.??"]
[Round "3.6"]
[White "Tafazzoli, Mickael"]
[Black "Borron, Herve"]
[Result "0-1"]
[WhiteElo "1199"]
[BlackElo "1180"]
[PlyCount "84"]

1. e4 e5 2. Nf3 Nc6 3. Bb5 d6 4. Bxc6+ bxc6 5. d3 Be7 6. d4 exd4 7. Nxd4 Bd7 8.
Nf5 Bf6 9. Qf3 Ne7 10. Nxe7 Qxe7 11. Na3 O-O 12. Bf4 Bxb2 13. Rd1 Bxa3 14. Qxa3
Qxe4+ 15. Be3 Qxg2 16. Ke2 Bg4+ 17. Kd2 Bxd1 18. Rxd1 Rfe8 19. Re1 Qd5+ 20. Ke2
Qc5 21. Qd3 Qb5 22. c4 Qa6 23. Qc3 d5 24. Kd1 Qxc4 25. Qb2 Rab8 26. Qa1 Qd3+
27. Bd2 Rxe1+ 28. Kxe1 Rb1+ 29. Qxb1 Qxb1+ 30. Ke2 Qxa2 31. f3 a5 32. Ke3 a4
33. Bc1 Qb3+ 34. Kf4 Qc4+ 35. Kg3 Qxc1 36. f4 a3 37. Kg4 a2 38. Kf5 a1=Q 39. h4
Qf6+ 40. Kg4 Qcxf4+ 41. Kh3 Q6xh4+ 42. Kg2 Qhh2# 0-1

[Event "Championnats de la Loire jeunes - benja"]
[Site "St-Etienne"]
[Date "????.??.??"]
[Round "3.7"]
[White "Bobilier-Chaumont, Andrea"]
[Black "Paratcha, Yohan"]
[Result "1-0"]
[WhiteElo "1210"]
[BlackElo "1199"]
[PlyCount "67"]

1. e4 e5 2. Nf3 Nc6 3. Nc3 Nf6 4. Bc4 d5 5. exd5 Nd4 6. Nxe5 Qe7 7. Bb5+ c6 8.
dxc6 bxc6 9. Bxc6+ Nxc6 10. Qe2 Nxe5 11. O-O Nfg4 12. h3 Qd6 13. hxg4 Be6 14.
Nb5 Qc6 15. Qxe5 Rc8 16. Nxa7 Qxc2 17. Nxc8 Qxc8 18. Re1 Bc5 19. b4 Bxb4 20.
Qb5+ Ke7 21. Qxb4+ Kf6 22. Bb2+ Kg6 23. Qb5 Bxg4 24. f4 f6 25. Rac1 Qa8 26. Rc7
Rd8 27. Qb7 Qxa2 28. Rxg7+ Kh5 29. Rxh7+ Kg6 30. Qe4+ f5 31. Qe7 Rg8 32. Qg5+
Kxh7 33. Re7+ Rg7 34. Qxg7# 1-0